000
00264nam a2200109Ia 4500
008
190912s9999||||xx |||||||||||||| ||und||
100
_a
F. S. Hill
245
0
_a
Computer Graphics Using Open GL
260
_a
London
_b
McGraw Hill
_c
2000
300
_a
922
942
_c
BK
999
_c
7850
_d
7850